000 00661nam a2200229 a 4500
999 _c686
_d686
001 686
003 BD-JhCC
005 20171009190323.0
008 171008s1971 bg ||||| |||| 00| 0 eng d
020 _a984311048x
035 _a(BD-JhCC)686
040 _aBD-JhCC
_dBD-JhCC
041 _aeng
082 _222
_a954.9205
_bMUS 1971
100 _aMuseum, War ,Liberation
245 _aএকাত্তর : গণহত্যার দলিল /
_cLiberation War Museum,
260 _aঢাকা,
_bমিউজিয়াম ,
_c১৯৭১
300 _a296p. ;
_c22cm.
650 _aHistory
_xLiberation war,1971
942 _2ddc
_cBK